Estadísticas para Series españolas más populares

Haz click aquí para intentar la prueba.

Estadísticas generales

  • Esta prueba ha sido intentada 103 veces
  • La puntuación promedio es 3 de 15

Estadísticas de respuestas

LanzamientoSerie% Correcto
2017 – 2021La casa de papel
97%
2018 – 2024Élite
66%
2015 – 2019Vis a vis
40%
2023 –Berlín
17%
2022 –Entrevías
10%
2022 –Machos alfa
10%
2018 – 2020Vivir sin permiso
9%
2023 –La promesa
9%
2020 –30 monedas
7%
2018La catedral del mar
6%
2024 –Reina Roja
5%
2024Zorro
5%
2021La cocinera de Castamar
3%
2024 –Bellas artes
2%
2023Entre tierras
2%

Distribución de puntuación

Porcentaje por número respondido

Porcentaje de gente con cada puntuación

Historial de tus puntuaciones

No has intentado esta prueba.